[Event "C'Chartres Blitz op April"]
[Site "Europe Echecs INT"]
[Date "2021.04.10"]
[Round "6"]
[White "Nineuil, Vincent"]
[Black "Ros, David"]
[Result "0-1"]
[WhiteElo "1963"]
[BlackElo "1761"]
[PlyCount "52"]
[EventDate "2021.04.10"]
[EventType "swiss (blitz)"]
[EventRounds "11"]
[EventCountry "FRA"]
[SourceTitle "CBM 201 Extra"]
[Source "ChessBase"]
[SourceDate "2021.05.31"]
[SourceVersion "1"]
[SourceVersionDate "2021.05.31"]
[SourceQuality "1"]

1. e4 e6 2. d4 d5 3. Nc3 Bb4 4. e5 c5 5. a3 Bxc3+ 6. bxc3 Qc7 7. Qg4 Ne7 8. Qxg7 Rg8 9. Qxh7 cxd4 10. Ne2 dxc3 11. f4 Bd7 12. Qd3 Nbc6 13. Be3 0-0-0 14. Nd4 Nxd4 15. Bxd4 Nf5 16. Bxc3 Bb5 17. Qd2 Bxf1 18. Kxf1 d4 19. Bb4 Ne3+ 20. Kg1 Rxg2+ 21. Qxg2 Nxg2 22. Kxg2 Qxc2+ 23. Kf3 Qd3+ 24. Kf2 Qe3+ 25. Kf1 Qf3+ 26. Ke1 Qxh1+ 0-1

[Event "C'Chartres Blitz op April"]
[Site "Europe Echecs INT"]
[Date "2021.04.10"]
[Round "2"]
[White "Pineau, Patrick"]
[Black "Ros, David"]
[Result "0-1"]
[WhiteElo "1349"]
[BlackElo "1761"]
[PlyCount "96"]
[EventDate "2021.04.10"]
[EventType "swiss (blitz)"]
[EventRounds "11"]
[EventCountry "FRA"]
[SourceTitle "CBM 201 Extra"]
[Source "ChessBase"]
[SourceDate "2021.05.31"]
[SourceVersion "1"]
[SourceVersionDate "2021.05.31"]
[SourceQuality "1"]

1. e4 e6 2. Nf3 d5 3. exd5 exd5 4. d4 Bd6 5. Bd3 Ne7 6. 0-0 0-0 7. Nbd2 c6 8. Re1 Bg4 9. h3 Bh5 10. g4 Bg6 11. Bxg6 Nxg6 12. Nf1 Nd7 13. Ng3 Nf6 14. Bg5 Qc7 15. Ne5 Rae8 16. Bxf6 gxf6 17. Nxg6 fxg6 18. Qf3 Qf7 19. h4 Bxg3 20. fxg3 Re7 21. Rxe7 Qxe7 22. h5 Re8 23. hxg6 hxg6 24. Rf1 Kg7 25. c3 Qe3+ 26. Qxe3 Rxe3 27. Kg2 Kf7 28. Rf2 Ke6 29. a4 a5 30. Kh3 b6 31. Kh4 c5 32. dxc5 bxc5 33. g5 f5 34. g4 Re4 35. Kg3 Rxg4+ 36. Kh3 Rxg5 37. Re2+ Kd6 38. Re8 f4 39. Rd8+ Ke5 40. Rc8 Kd6 41. Rf8 Rf5 42. Rd8+ Kc7 43. Rg8 f3 44. Rxg6 f2 45. Rg7+ Kd6 46. Rg6+ Ke5 47. Rg8 f1Q+ 48. Kg4 Qg2+ 0-1

[Event "C'Chartres Blitz op April"]
[Site "Europe Echecs INT"]
[Date "2021.04.10"]
[Round "9"]
[White "Ros, David"]
[Black "Tomasi, Elise"]
[Result "0-1"]
[WhiteElo "1761"]
[BlackElo "2030"]
[PlyCount "62"]
[EventDate "2021.04.10"]
[EventType "swiss (blitz)"]
[EventRounds "11"]
[EventCountry "FRA"]
[SourceTitle "CBM 201 Extra"]
[Source "ChessBase"]
[SourceDate "2021.05.31"]
[SourceVersion "1"]
[SourceVersionDate "2021.05.31"]
[SourceQuality "1"]

1. e4 e5 2. Nf3 Nc6 3. d4 exd4 4. Nxd4 Bc5 5. Nb3 Bb4+ 6. c3 Be7 7. f4 d6 8. N1d2 f5 9. Bd3 fxe4 10. Nxe4 Nf6 11. 0-0 0-0 12. Qc2 h6 13. Nxf6+ Rxf6 14. Be3 Qf8 15. Rae1 Bf5 16. Bxf5 Rxf5 17. Nd2 Rf7 18. Qb3 Rb8 19. Nf3 Kh8 20. h3 b6 21. Qd5 Na5 22. b4 c6 23. Qd3 Nb7 24. g4 Re8 25. Bd2 Bd8 26. Kg2 Bc7 27. Nh4 Rf6 28. g5 hxg5 29. Ng6+ Rxg6 30. Qxg6 Rxe1 31. Rxe1 gxf4 0-1

[Event "Ville d'Orsay online Blitz"]
[Site "Europe Echecs INT"]
[Date "2021.02.07"]
[Round "4"]
[White "Joly, Julien"]
[Black "Ros, David"]
[Result "1-0"]
[WhiteElo "2198"]
[BlackElo "1761"]
[PlyCount "57"]
[EventDate "2021.02.07"]
[EventType "swiss (blitz)"]
[EventRounds "11"]
[EventCountry "FRA"]
[SourceTitle "CBM 200 Extra"]
[Source "ChessBase"]
[SourceDate "2021.03.31"]
[SourceVersion "1"]
[SourceVersionDate "2021.03.31"]
[SourceQuality "1"]

1. d4 Nf6 2. Bf4 g6 3. Nc3 d5 4. e3 Bg7 5. h4 c5 6. Nb5 Na6 7. c3 cxd4 8. exd4 Bd7 9. Be2 0-0 10. h5 Bxb5 11. Bxb5 Nxh5 12. Rxh5 gxh5 13. Qxh5 Qb6 14. Bd3 f5 15. Bxf5 Rxf5 16. Qxf5 Rf8 17. Qxd5+ Kh8 18. Ne2 Qxb2 19. Rd1 Qb6 20. Be5 Bf6 21. g4 Nc7 22. Qe4 Bxe5 23. Qxe5+ Kg8 24. Qxe7 Nd5 25. Qg5+ Kh8 26. Qxd5 Qf6 27. Qe5 b6 28. Qxf6+ Rxf6 29. f4 1-0

[Event "FRA-ch Blitz Online Qual"]
[Site "Europe Echecs INT"]
[Date "2020.05.16"]
[Round "11"]
[White "Kuhn, Clement"]
[Black "Ros, David"]
[Result "1-0"]
[WhiteElo "2150"]
[BlackElo "1767"]
[PlyCount "47"]
[EventDate "2020.05.16"]
[EventType "swiss (blitz)"]
[EventRounds "15"]
[EventCountry "FRA"]
[SourceTitle "CBM 196 Extra"]
[Source "ChessBase"]
[SourceDate "2020.07.31"]
[SourceVersion "1"]
[SourceVersionDate "2020.07.31"]
[SourceQuality "1"]

1. e4 e6 2. d4 d5 3. Nc3 Bb4 4. Nge2 c5 5. exd5 exd5 6. dxc5 Nf6 7. g3 Bxc5 8. Bg2 Be6 9. 0-0 0-0 10. Bg5 Nc6 11. Nf4 d4 12. Ne4 Be7 13. Nxf6+ Bxf6 14. Bxf6 Qxf6 15. Qd2 Rad8 16. Rfe1 Rfe8 17. h3 h6 18. Rad1 Bc8 19. Rxe8+ Rxe8 20. Bxc6 bxc6 21. Qxd4 Qf5 22. c3 g5 23. Nh5 Re6 24. Qg7# 1-0

[Event "FRA-ch Blitz Online Qual"]
[Site "Europe Echecs INT"]
[Date "2020.05.16"]
[Round "9"]
[White "Lefrancois, Jean"]
[Black "Ros, David"]
[Result "0-1"]
[WhiteElo "1038"]
[BlackElo "1767"]
[PlyCount "170"]
[EventDate "2020.05.16"]
[EventType "swiss (blitz)"]
[EventRounds "15"]
[EventCountry "FRA"]
[SourceTitle "CBM 196 Extra"]
[Source "ChessBase"]
[SourceDate "2020.07.31"]
[SourceVersion "1"]
[SourceVersionDate "2020.07.31"]
[SourceQuality "1"]

1. d4 Nf6 2. Nc3 g6 3. Bf4 d5 4. e3 Bg7 5. Nb5 Na6 6. Be2 c6 7. Nc3 Nc7 8. h3 0-0 9. Nf3 Re8 10. 0-0 Nh5 11. Bh2 a6 12. Ne5 Nb5 13. Nxb5 axb5 14. b3 Nf6 15. c4 dxc4 16. bxc4 bxc4 17. Bxc4 e6 18. a4 Nd5 19. e4 Nc3 20. Qd3 Nxa4 21. Bb3 Bxe5 22. Bxe5 Nc5 23. Qg3 Rxa1 24. Rxa1 Nxb3 25. Qxb3 f6 26. Bh2 Qxd4 27. Rd1 Qxe4 28. Bg3 Kg7 29. Ra1 Qd5 30. Qe3 e5 31. Ra7 Re7 32. Ra8 Bf5 33. Qa3 Rf7 34. Re8 h5 35. Re7 Qd8 36. Rxf7+ Kxf7 37. Qb3+ Qd5 38. Qxb7+ Qd7 39. Qb3+ Kg7 40. Kh2 g5 41. h4 g4 42. Qb6 Be6 43. Qc5 Bf7 44. Qb6 Qd5 45. Qe3 c5 46. Qc3 Qd4 47. Qc2 c4 48. f3 Qd3 49. Qxd3 cxd3 50. Be1 gxf3 51. gxf3 f5 52. Kg3 Kf6 53. Bd2 Bd5 54. f4 e4 55. Kf2 Ke7 56. Ke3 Kd6 57. Kd4 Bb3 58. Be3 Bd1 59. Bd2 Bg4 60. Be3 Ke6 61. Kc5 Kd7 62. Kd5 Kc7 63. Ke5 Kc6 64. Kd4 Kb5 65. Kc3 Ka4 66. Kb2 Kb4 67. Bd2+ Kc4 68. Kc1 Be2 69. Kb2 Kd4 70. Kc1 e3 71. Ba5 Ke4 72. Bc7 Kf3 73. Ba5 Kg3 74. Kb2 Kxf4 75. Kc1 Kg4 76. Be1 f4 77. Bb4 f3 78. Be1 f2 79. Bxf2 exf2 80. Kd2 f1Q 81. Ke3 Qf3+ 82. Kd2 Qf4+ 83. Kc3 d2 84. Kc2 d1Q+ 85. Kc3 Qfd4# 0-1

[Event "FRA-ch Blitz Online Qual"]
[Site "Europe Echecs INT"]
[Date "2020.05.16"]
[Round "12"]
[White "Ros, David"]
[Black "Jouneau, Quentin"]
[Result "0-1"]
[WhiteElo "1767"]
[BlackElo "2018"]
[PlyCount "22"]
[EventDate "2020.05.16"]
[EventType "swiss (blitz)"]
[EventRounds "15"]
[EventCountry "FRA"]
[SourceTitle "CBM 196 Extra"]
[Source "ChessBase"]
[SourceDate "2020.07.31"]
[SourceVersion "1"]
[SourceVersionDate "2020.07.31"]
[SourceQuality "1"]

1. e4 c5 2. Na3 e6 3. c3 Nc6 4. Bb5 Qc7 5. Nf3 a6 6. Bxc6 Qxc6 7. Qe2 b5 8. d4 cxd4 9. cxd4 Bxa3 10. bxa3 Qc3+ 11. Bd2 Qxa1+ 0-1